Human resource management

Αποθηκεύτηκε σε:
Λεπτομέρειες βιβλιογραφικής εγγραφής
Κύριος συγγραφέας: Fisher, Cynthia D.
Άλλοι συγγραφείς: Schoenfeldt, Lyle F., Shaw, James B.
Μορφή: Βιβλίο
Γλώσσα:English
Δημοσίευση: Boston, London : Houghton Mifflin Company, c1996
Έκδοση:3rd ed.
Θέματα:
Ετικέτες: Προσθήκη ετικέτας
Δεν υπάρχουν, Καταχωρήστε ετικέτα πρώτοι!

MARC

LEADER 00000nam a2200000 i 4500
001 1/20380
008 960705s1996 eng d
020 |a 0-395-74886-0 
035 |l 10021539 
040 |a GR-MY-UA  |b gre  |e aacr 
041 0 |a eng 
082 0 |a 658.3 
100 1 |a Fisher, Cynthia D. 
245 1 0 |a Human resource management /  |c Cynthia D.Fisher, Lyle F.Schoenfeldt, James B.Shaw 
250 |a 3rd ed. 
260 |a Boston, London :   |b Houghton Mifflin Company,   |c c1996 
500 |a International student edition 
504 |a Περιλαμβάβει ευρετήριο 
650 0 0 |a Personnel management. 
700 1 |a Schoenfeldt, Lyle F. 
700 1 |a Shaw, James B. 
852 |a INST  |b CHIOS  |e 19970116  |h 658.3 FIS  |p 005200010884  |q 005200010884  |t BK  |y 0 
909 |a Χ  |b 048936